Quess the thing - Statistics

General Stats
  • This quiz has been taken 43 times
  • The average score is 9 of 15
Answer Stats
Picture Answer % Correct
Beer
94%
Mona Lisa
94%
Horse
88%
Wine
82%
Darts
79%
Salami
74%
Latte
62%
Calf
59%
Paris
59%
Pope
47%
Airport
41%
Wire
41%
Neon sign
32%
Fighter jet
29%
Booklet
3%
No matching quizzes found
Score Distribution
Percent of People with Each Score
Percentile by Number Answered
Your Score History
You have not taken this quiz